quizz des oeuvres au programme - Statistiques

Statistiques générales
  • Ce quiz a été pris 3 fois
  • Le résultat moyen est 25 sur 55
Statistiques - réponses
Hint Réponse % Correct
« L’auteur, dans son œuvre, doit être comme ____ ___ _'_____, présent partout, visible nulle part . » Dieu dans l'univers
100%
« On me croit épris du réel, tandis que je l’exècre. Car c’est en ____ __ ______ que j'ai entrepris ce roman » haine du réalisme
100%
« madame bovary n’a rien de vrai, c’est une ____ ________ _______. » histoire totalement inventée
100%
« Ce qui me semble beau, ce que je voudrais faire, c’est un ____ __ ____, un livre sans attache extérieure, qui se tiendrait de lui-même par la force interne de son style » livre sur rien
100%
« elle vous fuit dans les ____ ___ _'___» mains comme l'eau
100%
« elle avait lue ____ __ _______ et avait rêvé la cabane en bambou » Paul et Virginie
100%
« elle est _ ___ lol V. stein » a vous
67%
« la morale de l’art consiste dans sa ____ ___ » beauté même
67%
« l’effet pour le spectateur, doit être une ____ _'_______ » espèce d'ébahissement
67%
« lamartine se crève dit-on, je ne pleure pas. (…) c’est un _____ ______, la c***** lui manque » esprit eunuque
67%
« elle sera heureuse __ ___ ___ ______, je n’ai connu le malheur qu’en m’écartant de la vertu. » et elle sera vertueuse
67%
« J’exècre ce qu’on est convenu d’appeler le « réalisme », bien qu’on m’en ____ __ _____. » fasse des pontifes
67%
« où la ____ manque, en effet, l’idée n’est plus » forme
67%
« la vie n’est pas une série de lanterne disposées symétriquement : la vie est un ____ _______, une enveloppe semi-transparente qui nous entoure du commencement la fin de notre état d’être conscient. » halo lumineux
67%
« J’ai repris la Bovary. Voici depuis lundi cinq pages d’à peu près faites ; à peu près est le mot,__ ____ _'_ ______. Comme c’est difficile ! » il faut s'y remettre
67%
« Si le lecteur ne tire pas d’un livre la moralité qui doit s’y trouver, c’est que le lecteur est un ____ » imbécile
67%
« à sa convenance _'_______ ____ s’il le fallait » j'inventerais Dieu
67%
« Il vient de recevoir __ ____ _'_____. » la croix d'honneur
67%
roland barthes fragments d’un discours amoureux : « par une perversion proprement amoureuse, c’est _'____ que le sujet aime, non l’objet » l'amour
67%
«cesse, cesse ________ _______» mariane infortunée
67%
« mais elle ne ____ ___» parle pas
67%
volker schroder «mariane aime un comme une religieuse doit _____ __ ____, jusque dans l’abandon ou celui-ci peut la laisser.» aimer un Dieu
33%
« puisse la nature, qui détruit chaque jour les monuments de l’ambition des rois, multiplier dans nos forets ceux de la __________ d’une jeune et pauvre jeune fille » bienfaisance
33%
« chaque jour était pour ces familles un jour de ______ __ __ ____ » bonheur et de paix
33%
« qu’est ce qui m’est arrivé, je ne comprends pas très bien. _'____ ____ __ ______» c'est comme ca écrire
33%
jean lafond « les lettres sont comme les ___ ____ ________ d’un drame respectant les unités classiques » cinq actes condensés
33%
Aragon « a la différence de ces œuvres « ouvertes », inachevées et inachevables, paul et virginie est un texte ______ __ ____ ». circulaire et clos
33%
« j’ai l’impression parfois d’avoir commencé a écrire _____ __, avec le ravissement de lol v stein » comme ça
33%
Jean michel racault : « des cercles ________» concentriques
33%
alain brunn : « si les lettres portugaises tiennent de la galanterie, c’est d’en élaborer une _____ __ _____, de montrer la part de violence que le rêve d’apaisement de la galanterie recouvre et masque sans l’anéantir » critique en actes
33%
« le livre a été appréhendé par des gens si bien que j’en suis _________ » dépossédée
33%
« je vois que tout le monde écrit. Que ceux qui n’ecrivent pas _____ ____. » écrivent aussi
33%
« les lettres portugaises semblent donner a ____ ce qui ne lui appartient pas » eros
33%
Denis fauconnier : « mariane tente vainement de fixer en portugal, dans un monde ______, ________ __ ____, un amant voué a l’errance amoureuse » féminin spirituel et clos
33%
gérard genette « une ______ auctoriale » forgerie
33%
« tels dans les _____ _'___ parurent nos premiers parents » jardins d'eden
33%
Emmanuel Bury « l’action véritable est celle de _'_______ ____-____, dans la progression de l’analyse de soi qu’elle construit au fur et a mesure » . l'écriture elle-même
33%
« d’habitude quand je fais un livre, je sais à peu près ce que j’ai fait, j’en suis quand même un peu __ _____… là non » le lecteur
33%
Etiemble dans romanciers du XVIIIeme« un des livres les plus _______ et les plus lus de la littérature française » médiocres
33%
J.M. racault « une pastorale ______ _______. » moderne éxotique
33%
JM racault : « un dense réseau d’allusions __________ » mythologiques
33%
Jean michel racault : « le livre n’en offre qu’une image nostalgique dont il dénonce ___ _____ _'________ » par avance l'irréalité
33%
« je suis moi même une _____, j’ai la tête trouée » passoire
33%
roland barthes « le lecteur alors ne souhaite plus imiter le personnage pour sa perfection mais parcequ’il le percoit comme ______ __ ___, comme bel et bien réel » proche de lui
33%
« vous êtes indigne de tous mes _________» sentiments
33%
alain brunn« au langage ampoulé des précieux répond un langage ______ __ _____. » simplifié et sobre
33%
alain brunn « rien ne lui est si cher que le ______ ___ ______ » souvenir des douleurs
33%
Pierre trahard : « après Rousseau, dont la Nouvelle Héloise avait connu un engouement du même ordre, bernardin avait ____ __ _____ _______en s’adressant au cœur. » touché la corde sensible
33%
jean lafond : « les lettres portugaises, une œuvre ouverte à ___ __ _____ » tous les genres
33%
: maurice blanchot « le désir est la séparation elle-même qui se fait _____ » attirance
0%
« Lol rêve d’un ____ ____ où la même chose qui va se produire se produirait différemment, autrement, mille fois. » autre temps
0%
monique pinthon « Le lecteur esr ainsi amené a se demander s’il s’agit bien de la folie de lol ou plutot d’une incapacité de jacques Hold a faire une _____ _____ de Lol qui lui oppose une résistance » lecture adéquate
0%
« la mort et la douleur sont la _____ _'_______ __ _____ et malheur au lecteur complice qui succombe aà son charme : il peut y rester pour de vrai » toile d'araignée du texte
0%
Balzac, le curé du village« l’un des plus _____ livres de la langue française… par la main du génie » touchants
0%
« son choix exempt de ____ _______, je suis l’homme de S. tahla qu’ele a décidé de suivre » toute préférence
0%
Aucun quiz correspondant
Distribution des résultats
% des personnes avec chaque résultat
Percentile par nombre de réponses
Votre historique - résultats
Vous n’avez pas pris ce quiz